christmas - Statistics

General Stats
  • This quiz has been taken 446 times
  • The average score is 9 of 15
Answer Stats
Hint Answer % Correct
this persons birthday is why we celebrate jesus
89%
cold type of weather associated with christmas snow
83%
animal normally eaten by people on christmas day/eve turkey
81%
calendar that you open every day of december till christmas advent calendar
78%
a object where some presents go under christmas tree
78%
where santa comes down chimney
77%
given by santa presents
74%
religion christmas came from christianity
71%
couple that gave birth to christs son mary and joseph
70%
berries grow on this tree holly
66%
where santa puts your presents stocking
58%
a red nosed reindeer Ruldolph
47%
where they gave birth to him a stable
36%
traditional cake that you light up christmas cake
11%
st nickolas santa
0%
No matching quizzes found
Score Distribution
Percent of People with Each Score
Percentile by Number Answered
Your Score History
You have not taken this quiz